Evangile selon Saint Mathieu / (Record no. 88306)

MARC details
000 -LEADER
campo de control de longitud fija 00640nam a2200205 i 4500
001 - NÚMERO DE CONTROL
campo de control 88306
003 - IDENTIFICADOR DE NÚMERO DE CONTROL
campo de control ES-MaACL
005 - FECHA Y HORA DE LA ÚLTIMA TRANSACCIÓN
campo de control 20230906175833.0
007 - CAMPO FIJO DE DESCRIPCIÓN FÍSICA--INFORMACIÓN GENERAL
campo de control de longitud fija t|
008 - DATOS DE LONGITUD FIJA--INFORMACIÓN GENERAL
campo de control de longitud fija 050104s1927 fr ||||1| fre d
100 1# - ENTRADA PRINCIPAL--NOMBRE DE PERSONA
Nombre de persona Lagrange, Marie-Joseph.
9 (RLIN) 69604
245 10 - MENCIÓN DEL TÍTULO
Título Evangile selon Saint Mathieu /
Mención de responsabilidad, etc. par Marie-Joseph Lagrange, J. Lagrange.
250 ## - MENCION DE EDICION
Mención de edición 4eme ed.
260 ## - PUBLICACIÓN, DISTRIBUCIÓN, ETC.
Lugar de publicación, distribución, etc. Paris :
Nombre del editor, distribuidor, etc. J. Gabalda,
Fecha de publicación, distribución, etc. 1927 (
Fabricante Firmin Didot)
300 ## - DESCRIPCIÓN FÍSICA
Extensión CLXXXVII, 569 p. ;
Dimensiones 26 cm.
500 ## - NOTA GENERAL
Nota general Etudes bibliques.
630 04 - PUNTO DE ACCESO ADICIONAL DE MATERIA--TÍTULO UNIFORME
Título uniforme Biblia.
Nombre de parte o sección de la obra N.T.
-- Evangelio según Mateo-
Subdivisión de forma Comentarios.
9 (RLIN) 144757
700 1# - ENTRADA AGREGADA--NOMBRE PERSONAL
Nombre de persona Lagrange, J.
9 (RLIN) 69603
852 ## - LOCALIZACIÓN
Ubicación ES-MaACL
Número de control de estantería A-2791
Holdings
Estatus retirado Estado de pérdida Estado de daño No para préstamo Biblioteca de origen Biblioteca actual Ubicación en estantería Fecha de adquisición Fuente de adquisición Total de préstamos Signatura topográfica completa Código de barras Visto por última vez Precio de reemplazo Tipo de ítem Koha
        Biblioteca del Ateneo de Madrid Biblioteca del Ateneo de Madrid Sala Pecera Planta 1 17/01/2008     A-2791 1092244 23/02/2023 23/02/2023 Libro impreso